000
00292nam a2200133Ia 4500
100
_a
Boylestad/& nashelsky
250
_a
5
942
_c
BK
654
_a
electronic
245
_a
Electronic devices and circuits
260
_b
prentice
_a
New Delhi
_c
1993
300
_a
916
546
_a
ENGLISH
999
_c
22854
_d
22854